Multiple Choice City Quiz - Roanoke, VA - Statistics

General Stats
  • This quiz has been taken 24 times
  • The average score is 7 of 10
Answer Stats
Question Answer % Correct
What indistry is Roanoke best known for? Rail Road
94%
What can be seen lit-up atop Mill Mountain? A Star
89%
What river flows through Roanoke Roanoke River
83%
What are people from Roanoke called? Roanoker
78%
What is the tallest building in Roanoke? Wells Fargo Tower
78%
Which of the following was the previous name of Roanoke? Big Lick
61%
What part of the Appalachian Mountains is Roanoke in? Blue Ridge Valley
56%
Which of the following is not a neighborhood in Roanoke? WIlliamsburg
56%
Which famous person has not resided in Roanoke? Pharrell Williams
50%
Which of the following sports teams has not been located in the Roanoke Metropolitan area? Roanoke Terriers
17%
No matching quizzes found
Score Distribution
Percent of People with Each Score
Percentile by Number Answered
Your Score History
You have not taken this quiz